<?xml version="1.0" encoding="UTF-8"?><record xmlns="http://www.loc.gov/MARC21/slim" xmlns:zs="http://docs.oasis-open.org/ns/search-ws/sruResponse">
  <leader>02451cad a22003733i 4500</leader>
  <controlfield tag="001">20968000</controlfield>
  <controlfield tag="005">20250607093403.1</controlfield>
  <controlfield tag="008">190325s1652    sp            000 0 spa  </controlfield>
  <datafield ind1=" " ind2=" " tag="035">
    <subfield code="a">20968000</subfield>
  </datafield>
  <datafield ind1=" " ind2=" " tag="906">
    <subfield code="a">0</subfield>
    <subfield code="b">ibc</subfield>
    <subfield code="c">orignew</subfield>
    <subfield code="d">u</subfield>
    <subfield code="e">ncip</subfield>
    <subfield code="f">20</subfield>
    <subfield code="g">y-gencatlg</subfield>
  </datafield>
  <datafield ind1=" " ind2=" " tag="010">
    <subfield code="a">  2018682539</subfield>
    <subfield code="z">  2018682540</subfield>
  </datafield>
  <datafield ind1=" " ind2=" " tag="040">
    <subfield code="a">DLC</subfield>
    <subfield code="b">eng</subfield>
    <subfield code="c">DLC</subfield>
  </datafield>
  <datafield ind1=" " ind2=" " tag="043">
    <subfield code="a">e-sp---</subfield>
  </datafield>
  <datafield ind1=" " ind2=" " tag="090">
    <subfield code="a">Spanish Legal Documents, Opinions &amp; Judgments, Box 1, Folder 6</subfield>
  </datafield>
  <datafield ind1="0" ind2="0" tag="245">
    <subfield code="a">[Two legal opinions concerning monetary claims by an unnamed beneficiary in the estate of a certain person].</subfield>
  </datafield>
  <datafield ind1="3" ind2=" " tag="246">
    <subfield code="a">Legal opinion by Father Valero Monzón of the religious order of the Santísima Trinidad, concerning monetary claims by an unnamed beneficiary in the estate of a certain person.  [February 26, 1652]</subfield>
  </datafield>
  <datafield ind1="3" ind2=" " tag="246">
    <subfield code="a">Legal opinion by Father Feliciano Uberte of the religious order of Santo Domingo, concerning monetary claims by an unnamed beneficiary in the estate of a certain person.  [February 24, 1652]</subfield>
  </datafield>
  <datafield ind1=" " ind2="1" tag="264">
    <subfield code="a">[Spain] :</subfield>
    <subfield code="b">[publisher not identified],</subfield>
    <subfield code="c">February 24-26, 1652.</subfield>
  </datafield>
  <datafield ind1=" " ind2=" " tag="300">
    <subfield code="a">2 pages</subfield>
  </datafield>
  <datafield ind1=" " ind2=" " tag="336">
    <subfield code="a">text</subfield>
    <subfield code="b">txt</subfield>
    <subfield code="2">rdacontent</subfield>
  </datafield>
  <datafield ind1=" " ind2=" " tag="337">
    <subfield code="a">unmediated</subfield>
    <subfield code="b">n</subfield>
    <subfield code="2">rdamedia</subfield>
  </datafield>
  <datafield ind1=" " ind2=" " tag="338">
    <subfield code="a">volume</subfield>
    <subfield code="b">nc</subfield>
    <subfield code="2">rdacarrier</subfield>
  </datafield>
  <datafield ind1=" " ind2=" " tag="500">
    <subfield code="a">Title devised, in English, by Library staff.</subfield>
  </datafield>
  <datafield ind1="0" ind2=" " tag="505">
    <subfield code="a">Legal opinion by Father Valero Monzón of the religious order of the Santísima Trinidad, concerning monetary claims by an unnamed beneficiary in the estate of a certain person.  [February 26, 1652] -- Legal opinion by Father Feliciano Uberte of the religious order of Santo Domingo, concerning monetary claims by an unnamed beneficiary in the estate of a certain person.  [February 24, 1652].</subfield>
  </datafield>
  <datafield ind1=" " ind2=" " tag="522">
    <subfield code="a">Jurisdiction covered: Spain.</subfield>
  </datafield>
  <datafield ind1=" " ind2=" " tag="530">
    <subfield code="a">Also available on microfilm (Law Library Microfilm 84/10004).</subfield>
  </datafield>
  <datafield ind1=" " ind2=" " tag="530">
    <subfield code="a">Also available in digital form on the Library of Congress Web site.</subfield>
  </datafield>
  <datafield ind1=" " ind2=" " tag="546">
    <subfield code="a">Document in Spanish.</subfield>
  </datafield>
  <datafield ind1=" " ind2=" " tag="653">
    <subfield code="a">Law</subfield>
    <subfield code="a">Law Library of Congress</subfield>
    <subfield code="a">West Europe</subfield>
    <subfield code="a">Spain</subfield>
    <subfield code="a">Aragón</subfield>
    <subfield code="a">Valero Monzón</subfield>
    <subfield code="a">Religious Order of the Santísima Trinidad</subfield>
    <subfield code="a">Feliciano Uberte</subfield>
    <subfield code="a">Religious Order of Santo Domingo</subfield>
    <subfield code="a">Clergy</subfield>
    <subfield code="a">Trials and court proceedings</subfield>
  </datafield>
  <datafield ind1=" " ind2="7" tag="655">
    <subfield code="a">Court decisions and opinions.</subfield>
    <subfield code="2">lcgft</subfield>
  </datafield>
  <datafield ind1="0" ind2=" " tag="773">
    <subfield code="t">Spanish legal documents (15th-19th centuries)</subfield>
    <subfield code="g">Opinions &amp; Judgments No. 27-28</subfield>
  </datafield>
  <datafield ind1=" " ind2=" " tag="852">
    <subfield code="a">Library of Congress</subfield>
    <subfield code="b">Law Library</subfield>
    <subfield code="e">Washington, D.C. 20540</subfield>
    <subfield code="n">dcu</subfield>
  </datafield>
  <datafield ind1="4" ind2="1" tag="856">
    <subfield code="d">llhsp</subfield>
    <subfield code="f">llhsp_opinions_01-00087-00087</subfield>
    <subfield code="u">https://hdl.loc.gov/loc.law/llhsp.2018682539</subfield>
  </datafield>
  <datafield ind1=" " ind2=" " tag="985">
    <subfield code="a">ll/llhsp/oj</subfield>
  </datafield>
</record>
